000 00736nam a2200253 a 4500
005 20140412111357.0
008 051104s19uu xx 00 eng d
020 _a0-02-661099-X
050 _aTR(GS 372.4
_bA1 L.1(CWA)
100 _aAdams, Marilyn Jager
245 _aComprehension and writing assessment (orange), L.1 /
_cMarilyn Jager Adams, et al.
260 _aColumbus, Ohio :
_bSRA/McGraw-Hill Comp,
_c2000.
300 _a111 p.
440 _aSRA open court reading, Orange
650 _aReading
_xStudy and teaching
650 _aEnglish language
_xStudy and teaching
999 _c105416
_d105416